| 000 | 01514 a2200229 4500 | ||
|---|---|---|---|
| 001 | 20915 | ||
| 005 | 20260407155500.0 | ||
| 008 | 260407a2005 arg spa d | ||
| 003 | AR-UNSa-BCEJYS | ||
| 040 |
_aAR-UNSa-BCEJYS _bspa _cAR-UNSa-BCEJYS |
||
| 080 |
_a342.1 _xEstado. Pueblo. Nación. Poder del estado (Derecho político) |
||
| 245 | 1 | 0 | _aManual de derecho político |
| 020 | _a987-592-012-6 | ||
| 250 | _a3a. ed. | ||
| 264 | 1 |
_aBuenos Aires : _bLexis Nexis _c2005 |
|
| 300 |
_a474 p. _c22 cm. |
||
| 505 | _a1. La realidad política - 2. El conocimiento político - 3. Los factores geográficos - 4. Los factores sociopsicológicos - 5. Los factores económicos - 6. Los factores historicoculturales - 7. El poder politico - 8. Las fuerzas políticas - 9. La dinámica política - 10. El estado, institución-cuerpo - 11. La constitución, institución-norma; las instituciones-órgano del estado - 12. Centralización y descentralización - 13. Continuidad y discontinuidad constitucional - 14. Formas de gobierno y regímenes políticos - 15. Relaciones entre Estado y derecho. Estado de derecho - 16. El constitucionalismo. Historia y caracteres - 17. Constitucionalismo y democracia. "Democracia constitucional" - 18. "Democracia constitucional" Representación y participación | ||
| 942 | _cBK | ||
| 590 | _aniveau_biblio:m niveau_hierar:0 | ||
| 100 | 1 | _aLópez, Mario Justo | |
| 856 | 4 | 1 |
_uhttps://biblioeco.unsa.edu.ar/pmb/images/libros/Manual de Derecho Politico.jpg _yImagen de portada _qimage/jpeg |
| 999 |
_c752 _d752 |
||